Statistics for Biggest Cities in the United States - Extreme

Click here to take the quiz!

General Stats

  • This quiz has been taken 15 times
  • The average score is 202 of 339

Answer Stats

PopulationStateCity% Correct
564,559New MexicoAlbuquerque
100%
961,855TexasAustin
100%
585,708MarylandBaltimore
100%
227,470LouisianaBaton Rouge
100%
675,647MassachusettsBoston
100%
278,349New YorkBuffalo
100%
874,579North CarolinaCharlotte
100%
2,746,388IllinoisChicago
100%
309,317OhioCincinnati
100%
372,624OhioCleveland
100%
1,304,379TexasDallas
100%
715,522ColoradoDenver
100%
639,111MichiganDetroit
100%
678,815TexasEl Paso
100%
2,304,580TexasHouston
100%
887,642IndianaIndianapolis
100%
153,701MississippiJackson
100%
949,611FloridaJacksonville
100%
508,090MissouriKansas City
100%
156,607KansasKansas City
100%
641,903NevadaLas Vegas
100%
202,591ArkansasLittle Rock
100%
3,898,747CaliforniaLos Angeles
100%
577,222WisconsinMilwaukee
100%
429,954MinnesotaMinneapolis
100%
689,447TennesseeNashville
100%
311,549New JerseyNewark
100%
383,997LouisianaNew Orleans
100%
8,804,190New YorkNew York
100%
440,646CaliforniaOakland
100%
307,573FloridaOrlando
100%
1,603,797PennsylvaniaPhiladelphia
100%
1,608,139ArizonaPhoenix
100%
652,503OregonPortland
100%
467,665North CarolinaRaleigh
100%
524,943CaliforniaSacramento
100%
1,386,932CaliforniaSan Diego
100%
737,015WashingtonSeattle
100%
689,545-Washington, D.C
100%
291,247AlaskaAnchorage
93%
498,715GeorgiaAtlanta
93%
200,733AlabamaBirmingham
93%
150,227South CarolinaCharleston
93%
478,961ColoradoColorado Springs
93%
126,254MissouriColumbia
93%
104,681MarylandColumbia
93%
136,632South CarolinaColumbia
93%
905,748OhioColumbus
93%
206,922GeorgiaColumbus
93%
918,915TexasFort Worth
93%
542,107CaliforniaFresno
93%
350,964HawaiiHonolulu
93%
292,449New JerseyJersey City
93%
322,570KentuckyLexington
93%
291,082NebraskaLincoln
93%
633,045KentuckyLouisville
93%
115,644New HampshireManchester
93%
633,104TennesseeMemphis
93%
442,241FloridaMiami
93%
187,041AlabamaMobile
93%
681,054OklahomaOklahoma City
93%
302,971PennsylvaniaPittsburgh
93%
116,448CaliforniaRichmond
93%
226,610VirginiaRichmond
93%
199,723UtahSalt Lake City
93%
1,434,625TexasSan Antonio
93%
873,965CaliforniaSan Francisco
93%
1,013,240CaliforniaSan Jose
93%
192,517South DakotaSioux Falls
93%
301,578MissouriSt. Louis
93%
311,527MinnesotaSt. Paul
93%
196,169FloridaTallahassee
93%
384,959FloridaTampa
93%
542,629ArizonaTucson
93%
459,470VirginiaVirginia Beach
93%
397,532KansasWichita
93%
190,469OhioAkron
86%
200,393TexasAmarillo
86%
346,824CaliforniaAnaheim
86%
403,455CaliforniaBakersfield
86%
235,684IdahoBoise
86%
214,133IowaDes Moines
86%
176,654OregonEugene
86%
182,760FloridaFort Lauderdale
86%
263,886IndianaFort Wayne
86%
198,917MichiganGrand Rapids
86%
269,840WisconsinMadison
86%
504,258ArizonaMesa
86%
200,603AlabamaMontgomery
86%
262,527NevadaNorth Las Vegas
86%
486,051NebraskaOmaha
86%
190,934Rhode IslandProvidence
86%
264,165NevadaReno
86%
211,328New YorkRochester
86%
121,395MinnesotaRochester
86%
169,176MissouriSpringfield
86%
114,394IllinoisSpringfield
86%
155,929MassachusettsSpringfield
86%
413,066OklahomaTulsa
86%
104,627TexasAllen
79%
125,845PennsylvaniaAllentown
79%
394,266TexasArlington
79%
238,643VirginiaArlington
79%
117,116MontanaBillings
79%
148,654ConnecticutBridgeport
79%
181,099TennesseeChattanooga
79%
249,422VirginiaChesapeake
79%
299,035North CarolinaGreensboro
79%
121,054ConnecticutHartford
79%
317,610NevadaHenderson
79%
215,006AlabamaHuntsville
79%
190,740TennesseeKnoxville
79%
121,374LouisianaLafayette
79%
112,644MichiganLansing
79%
466,742CaliforniaLong Beach
79%
257,141TexasLubbock
79%
238,005VirginiaNorfolk
79%
314,998CaliforniaRiverside
79%
175,535OregonSalem
79%
310,227CaliforniaSanta Ana
79%
228,989WashingtonSpokane
79%
270,871OhioToledo
79%
249,545North CarolinaWinston-Salem
79%
211,569New YorkYonkers
79%
202,081GeorgiaAugusta
71%
386,261ColoradoAurora
71%
180,542IllinoisAurora
71%
317,863TexasCorpus Christi
71%
283,506North CarolinaDurham
71%
125,990North DakotaFargo
71%
208,501North CarolinaFayetteville
71%
196,543CaliforniaGlendale
71%
248,325ArizonaGlendale
71%
307,670CaliforniaIrvine
71%
142,210TexasMcAllen
71%
132,524TexasMidland
71%
285,494TexasPlano
71%
115,162UtahProvo
71%
187,593LouisianaShreveport
71%
148,620New YorkSyracuse
71%
219,346WashingtonTacoma
71%
206,518MassachusettsWorcester
71%
127,315GeorgiaAthens
64%
186,738TexasBrownsville
64%
118,403MassachusettsCambridge
64%
194,016FloridaCape Coral
64%
137,710IowaCedar Rapids
64%
275,987ArizonaChandler
64%
166,722TennesseeClarksville
64%
137,644OhioDayton
64%
230,504CaliforniaFremont
64%
200,509TexasFrisco
64%
107,395WisconsinGreen Bay
64%
223,109FloridaHialeah
64%
153,067FloridaHollywood
64%
256,684TexasIrving
64%
111,385New MexicoLas Cruces
64%
100,200IdahoNampa
64%
134,023ConnecticutNew Haven
64%
186,247VirginiaNewport News
64%
151,950TexasPasadena
64%
138,699CaliforniaPasadena
64%
204,851FloridaPort St. Lucie
64%
222,101CaliforniaSan Bernardino
64%
147,780GeorgiaSavannah
64%
241,361ArizonaScottsdale
64%
320,804CaliforniaStockton
64%
258,308FloridaSt. Petersburg
64%
126,966CaliforniaThousand Oaks
64%
126,587KansasTopeka
64%
102,316TexasWichita Falls
64%
108,250ColoradoBoulder
57%
125,410CaliforniaConcord
57%
105,240North CarolinaConcord
57%
101,724IowaDavenport
57%
139,869TexasDenton
57%
117,298IndianaEvansville
57%
141,085FloridaGainesville
57%
267,918ArizonaGilbert
57%
157,346GeorgiaMacon
57%
202,063CaliforniaOxnard
57%
148,655IllinoisRockford
57%
135,470ConnecticutStamford
57%
138,486TexasWaco
57%
125,182TexasAbilene
50%
159,467VirginiaAlexandria
50%
123,851MichiganAnn Arbor
50%
151,854WashingtonBellevue
50%
275,487CaliforniaChula Vista
50%
134,394FloridaCoral Springs
50%
109,976MichiganDearborn
50%
137,298New JerseyElizabeth
50%
169,810ColoradoFort Collins
50%
246,018TexasGarland
50%
196,100TexasGrand Prairie
50%
198,711CaliforniaHuntington Beach
50%
150,362IllinoisJoliet
50%
153,095TexasKilleen
50%
255,205TexasLaredo
50%
195,308TexasMcKinney
50%
218,464CaliforniaModesto
50%
128,026OklahomaNorman
50%
102,773CaliforniaNorwalk
50%
114,428TexasOdessa
50%
141,290KansasOlathe
50%
113,150IllinoisPeoria
50%
190,985ArizonaPeoria
50%
100,011VirginiaRoanoke
50%
228,673CaliforniaSanta Clarita
50%
180,587ArizonaTempe
50%
190,915WashingtonVancouver
50%
124,321CaliforniaBerkeley
43%
120,511TexasCollege Station
43%
157,136CaliforniaCorona
43%
108,795ColoradoGreeley
43%
136,588WashingtonKent
43%
112,641FloridaLakeland
43%
173,516CaliforniaLancaster
43%
115,554MassachusettsLowell
43%
117,635IdahoMeridian
43%
134,721FloridaMiramar
43%
174,068CaliforniaOceanside
43%
175,265CaliforniaOntario
43%
139,911CaliforniaOrange
43%
197,238KansasOverland Park
43%
159,732New JerseyPaterson
43%
151,713CaliforniaPomona
43%
111,876ColoradoPueblo
43%
105,661CaliforniaSan Mateo
43%
127,647CaliforniaSanta Clara
43%
109,707CaliforniaSanta Maria
43%
178,127CaliforniaSanta Rosa
43%
103,453IndianaSouth Bend
43%
134,346MichiganSterling Heights
43%
143,148ArizonaSurprise
43%
147,067CaliforniaTorrance
43%
110,763CaliforniaVentura
43%
139,387MichiganWarren
43%
114,403ConnecticutWaterbury
43%
140,230UtahWest Valley City
43%
124,402ColoradoArvada
36%
107,337CaliforniaBurbank
36%
114,746CaliforniaCarlsbad
36%
133,434TexasCarrollton
36%
174,721North CarolinaCary
36%
117,292FloridaClearwater
36%
114,797IllinoisElgin
36%
221,831NevadaEnterprise
36%
162,954CaliforniaHayward
36%
123,011MissouriIndependence
36%
155,984ColoradoLakewood
36%
135,158New JerseyLakewood Township
36%
150,108TexasMesquite
36%
111,640FloridaMiami Gardens
36%
208,634CaliforniaMoreno Valley
36%
152,769TennesseeMurfreesboro
36%
149,540IllinoisNaperville
36%
174,453CaliforniaRancho Cucamonga
36%
119,469TexasRichardson
36%
147,773CaliforniaRoseville
36%
108,445NevadaSparks
36%
141,867ColoradoThornton
36%
105,995TexasTyler
36%
116,961UtahWest Jordan
36%
115,451North CarolinaWilmington
36%
115,282TexasBeaumont
29%
113,540OklahomaBroken Arrow
29%
120,124CaliforniaClovis
29%
105,691FloridaDavie
29%
114,355CaliforniaDowney
29%
106,215CaliforniaEl Cajon
29%
176,124CaliforniaElk Grove
29%
109,450CaliforniaEl Monte
29%
110,629WashingtonEverett
29%
208,393CaliforniaFontana
29%
143,617CaliforniaFullerton
29%
171,949CaliforniaGarden Grove
29%
114,247OregonGresham
29%
107,762CaliforniaInglewood
29%
101,108MissouriLee's Summit
29%
110,949CaliforniaMurrieta
29%
114,852South CarolinaNorth Charleston
29%
169,450CaliforniaPalmdale
29%
191,238NevadaParadise
29%
125,828TexasPearland
29%
171,178FloridaPembroke Pines
29%
112,046FloridaPompano Beach
29%
101,636MassachusettsQuincy
29%
119,468TexasRound Rock
29%
163,542CaliforniaSalinas
29%
108,080GeorgiaSandy Springs
29%
155,805CaliforniaSunnyvale
29%
110,003CaliforniaTemecula
29%
134,810CaliforniaVictorville
29%
109,501CaliforniaWest Covina
29%
117,415FloridaWest Palm Beach
29%
115,291CaliforniaAntioch
21%
108,418ColoradoCentennial
21%
111,918CaliforniaCosta Mesa
21%
151,038CaliforniaEscondido
21%
119,881CaliforniaFairfield
21%
101,030WashingtonFederal Way
21%
137,148VirginiaHampton
21%
114,059North CarolinaHigh Point
21%
106,447OregonHillsboro
21%
105,053CaliforniaJurupa Valley
21%
114,392TexasLeague City
21%
111,822TexasLewisville
21%
101,253MassachusettsLynn
21%
102,527CaliforniaMenifee
21%
101,079MassachusettsNew Bedford
21%
106,785WashingtonRenton
21%
104,026CaliforniaRialto
21%
104,046New MexicoRio Rancho
21%
126,356CaliforniaSimi Valley
21%
102,976WashingtonSpokane Valley
21%
111,026TexasSugar Land
21%
126,090CaliforniaVallejo
21%
141,384CaliforniaVisalia
21%
116,317ColoradoWestminster
21%
114,626FloridaBrandon
14%
101,475CaliforniaChico
14%
104,901CaliforniaDaly City
14%
100,243TexasEdinburg
14%
119,760FloridaPalm Bay
14%
215,597NevadaSpring Valley
14%
205,618NevadaSunrise Manor
14%
114,436TexasThe Woodlands
14%
102,386CaliforniaVacaville
14%
105,643MassachusettsBrockton
7%
118,786CaliforniaEast Los Angeles
7%
107,588New JerseyEdison Township
7%
114,287FloridaLehigh Acres
7%
143,507LouisianaMetairie
7%
107,396FloridaRiverview
7%
107,436GeorgiaSouth Fulton
7%
113,568FloridaSpring Hill
7%
103,639New JerseyWoodbridge Township
7%
103,444ColoradoHighlands Ranch
0%

Score Distribution

Percentile by Number Answered

Percent of People with Each Score

Your Score History

You have not taken this quiz